[Event "IV Zagreb Open 2019"]
[Site "Zagreb"]
[Date "2019.12.09"]
[Round "4.1"]
[White "Strikovic, Aleksa"]
[Black "Kozul, Zdenko"]
[Result "1/2-1/2"]
[WhiteElo "2468"]
[BlackElo "2590"]
[Annotator "TA"]
[PlyCount "62"]
[EventDate "2019.12.07"]
[EventType "swiss"]
[EventCountry "CRO"]
[SourceTitle "playchess.com"]
[Source "ChessBase"]
[SourceQuality "1"]

{[%evp 10,62,29,27,54,39,44,35,35,42,52,62,60,59,61,52,47,67,59,45,43,29,34,18,19,25,30,0,0,0,0,0,0,0,0,0,0,0,0,0,0,0,0,0,0,-10,4,0,8,0,0,0,14,0,0]} 1. c4 g6 2. Nc3 Bg7 3. d4 d6 4. e4 Nd7 5. f3 e5 6. d5 h5 {A42: Modern Defence: Averbakh Variation} 7. Bd3 $146 ({Predecessor:} 7. h4 Bh6 8. Bxh6 Nxh6 9. Qd2 Kf8 10. Qg5 Kg7 11. Nh3 f6 12. Qd2 a5 13. Nf2 Nc5 14. O-O-O {½-½ (27) Mikrut,D (2358)-Kireev,A (2389) Liptovsky Mikulas 2011}) 7... a5 8. Nge2 Nc5 {White is slightly better.} 9. Bc2 h4 10. O-O h3 {[#] Threatens to win with ...hxg2.} 11. g3 Bh6 12. a3 Bxc1 13. Rxc1 Nf6 14. b4 Na6 15. Rb1 axb4 16. axb4 c5 17. dxc6 bxc6 18. Qd2 Be6 {The position is equal.} 19. Rfd1 Bxc4 20. Qxd6 Qxd6 21. Rxd6 Nb8 $1 22. Bb3 ({Reject} 22. Rxf6 Ke7 $17) 22... Ke7 {[#] Strongly threatening ...Bxb3.} 23. Rdd1 Bxe2 24. Nxe2 Nbd7 25. Nc1 Rhb8 26. Nd3 Ra3 27. Bc4 Ne8 28. Ne1 Nf8 29. Nd3 Nd7 30. Ne1 Nf8 31. Nd3 Nd7 {Accuracy: White = 80%, Black = 75%.} 1/2-1/2

[Event "IV Zagreb Open 2019"]
[Site "Zagreb"]
[Date "2019.12.09"]
[Round "4.2"]
[White "Nikolov, Momchil"]
[Black "Ivekovic, Bozidar"]
[Result "1/2-1/2"]
[WhiteElo "2533"]
[BlackElo "2406"]
[Annotator "TA"]
[PlyCount "80"]
[EventDate "2019.12.07"]
[EventType "swiss"]
[EventCountry "CRO"]
[SourceTitle "playchess.com"]
[Source "ChessBase"]
[SourceQuality "1"]

{[%evp 26,80,47,34,96,100,81,78,111,103,108,122,122,118,128,128,108,107,102,87,114,105,145,103,158,94,107,95,102,96,158,141,159,103,120,54,58,59,70,8,6,-2,0,-8,0,0,0,0,0,-8,0,0,0,0,25,12,79]} 1. d4 Nf6 2. c4 c5 3. d5 e6 4. Nc3 exd5 5. cxd5 d6 6. e4 g6 7. Bd3 Bg7 8. h3 O-O 9. Nf3 a6 ({Predecessor:} 9... Nh5 10. O-O Nd7 11. Bg5 Bf6 12. Bh6 Re8 13. Qd2 a6 14. a4 b6 15. g4 Ng7 {½-½ (29) Masse,H (2120)-Olsson,L (2252) Nakhchivan 2003}) 10. a4 Nh5 11. O-O Nd7 12. Bg5 Bf6 13. Be3 Re8 14. Qd2 b6 $146 {A70: Modern Benoni: 6 e4 g6 7 Nf3} ({Better is} 14... Ne5 $14) (14... Ne5 15. Be2 Nxf3+ 16. Bxf3 Ng7 {½-½ (16) Kazhgaleyev,M (2594)-Ponomariov,R (2709) chess.com INT 2017}) 15. g4 $16 Ng7 16. Bf4 Ne5 {White is better.} 17. Nxe5 dxe5 18. Be3 h5 19. f3 Be7 20. Bc4 Bd6 21. Kg2 Qd7 22. Kh2 Qb7 23. Be2 Qe7 24. Rg1 Kh7 {[#]} (24... Bd7 $142 25. b3 Red8) 25. Raf1 (25. Nb1 $142 $1) 25... Rh8 26. Kg2 Kg8 27. Rh1 Rh7 {[#]} (27... Bd7 $142) 28. f4 $1 f5 29. fxe5 (29. gxf5 $142 gxf5 30. fxe5 Bxe5 31. Bg5) 29... Bxe5 {[%cal Rh5g4]} 30. exf5 ({White should try} 30. gxf5 $16 gxf5 31. Bg5) 30... gxf5 $14 {[%cal Rh5g4]} 31. g5 Bb7 {Threatening ...Re8.} 32. Bf4 (32. Bf3 $14) 32... Bxf4 $11 33. Qxf4 Ne6 $1 {[%cal Re6f4]} 34. Qe5 ({Don't go for} 34. Qxf5 $2 Rf8 $17) 34... Nd4 ({Wrong is} 34... Qxg5+ $2 35. Kh2 $18) 35. Qxe7 Rxe7 36. Bxh5 b5 37. Kf2 $132 {[%mdl 2048] White is fighting back} b4 38. Ne2 $1 Bxd5 {...Nxe2 is the strong threat.} 39. Rhg1 Rh7 40. Nf4 $1 {[%cal Rf4d5]} Be4 {Accuracy: White = 58%, Black = 41%.} (40... Rd8 $11) 1/2-1/2

[Event "IV Zagreb Open 2019"]
[Site "Zagreb"]
[Date "2019.12.09"]
[Round "4.3"]
[White "Kotronias, Vasilios"]
[Black "Tica, Sven"]
[Result "1/2-1/2"]
[WhiteElo "2506"]
[BlackElo "2396"]
[Annotator "TA"]
[PlyCount "72"]
[EventDate "2019.12.07"]
[EventType "swiss"]
[EventCountry "CRO"]
[SourceTitle "playchess.com"]
[Source "ChessBase"]
[SourceQuality "1"]

{[%evp 9,72,34,35,38,47,38,33,26,39,27,32,26,39,31,32,24,11,6,30,26,34,33,40,20,33,21,21,21,21,21,22,19,20,19,19,19,19,19,19,19,19,0,10,0,0,0,0,0,0,0,0,0,0,0,0,0,0,0,0,0,0,0,0,0,0]} 1. e4 g6 2. d4 Bg7 3. Nc3 a6 4. Be3 b5 (4... d6 5. Qd2 b5 6. f3 Nd7 7. a4 b4 8. Nd1 a5 9. c3 bxc3 10. bxc3 Ngf6 11. Bb5 O-O 12. Ne2 Bb7 13. O-O c6 14. Bd3 e5 15. Nf2 d5 16. Rab1 {0-1 (43) Savchenko,B (2562)-Sjugirov,S (2663) St Petersburg 2018}) 5. Qd2 Bb7 6. f3 {B06: Modern Defence} d6 7. O-O-O Nd7 8. Kb1 {White is slightly better.} Rc8 9. h4 h5 10. Nh3 c5 11. dxc5 Nxc5 12. Nf4 Nf6 13. Nfd5 Bxd5 14. Nxd5 Nxd5 15. exd5 Qc7 {[#] aiming for ...Na4.} 16. c3 Nd7 $146 ({Predecessor:} 16... Qd7) 17. Bd4 Bxd4 {The position is equal.} 18. Qxd4 Nf6 19. g4 hxg4 20. fxg4 {[#] Strongly threatening g5.} Qc5 $1 21. g5 Qxd4 22. Rxd4 Nd7 23. a4 Rc5 24. axb5 axb5 25. Kc2 {Threatens to win with b4.} Nb6 $1 26. b4 (26. Bg2 {is interesting.} Rc4 27. Kd3 Na4 28. Bf1 Rc5 29. Rb4) 26... Rxd5 27. Rxd5 Nxd5 28. Bxb5+ $11 {[%mdl 4096] Endgame KRB-KRN} Kd8 29. Kb3 Nf4 30. Bc6 Kc7 31. Bf3 d5 32. c4 dxc4+ 33. Kxc4 Kb6 34. Kd4 f6 35. gxf6 exf6 36. Ke3 Kb5 {Accuracy: White = 80%, Black = 79%.} 1/2-1/2

[Event "IV Zagreb Open 2019"]
[Site "Zagreb"]
[Date "2019.12.09"]
[Round "4.4"]
[White "Plenca, Jadranko"]
[Black "Enchev, Ivajlo"]
[Result "1/2-1/2"]
[WhiteElo "2453"]
[BlackElo "2482"]
[Annotator "RC"]
[PlyCount "65"]
[EventDate "2019.12.07"]
[EventType "swiss"]
[EventCountry "CRO"]
[SourceTitle "playchess.com"]
[Source "ChessBase"]
[SourceQuality "1"]
[TimeControl "40/5400+30:1800+30"]

1. e4 {[%emt 0:00:00]} e5 {[%emt 0:00:00]} 2. Nf3 {[%emt 0:00:01]} Nc6 {[%emt 0:00:15]} 3. Bb5 {[%emt 0:00:19]} a6 {[%emt 0:00:09]} 4. Ba4 {[%emt 0:00:04]} Nf6 {[%emt 0:00:30]} 5. O-O {[%emt 0:00:46]} Be7 {[%emt 0:00:26]} 6. d3 {[%emt 0:00:36]} b5 {[%emt 0:00:57]} 7. Bb3 {[%emt 0:00:10]} d6 {[%emt 0:00:22]} 8. a4 {[%emt 0:00:28]} Bd7 {[%emt 0:07:06]} 9. c3 {[%emt 0:00:39]} O-O {[%emt 0:00:22]} 10. Bc2 {[%emt 0:00:20]} b4 {[%emt 0:02:36]} 11. Re1 {[%emt 0:03:07]} Re8 {[%emt 0:09:31]} 12. Nbd2 {[%emt 0:03:11]} bxc3 {[%emt 0:05:53]} 13. bxc3 {[%emt 0:00:06]} d5 {[%emt 0:01:13]} 14. h3 {[%emt 0:04:54]} dxe4 {[%emt 0:03:21]} 15. dxe4 {[%emt 0:02:08]} Bc5 {[%emt 0:01:53]} 16. a5 {[%emt 0:11:31]} h6 {[%emt 0:02:59]} 17. Nc4 {[%emt 0:07:28]} Qb8 {[%emt 0:02:49]} 18. Qe2 {[%emt 0:10:17]} Qa7 {[%emt 0:01:45]} 19. Ba4 {[%emt 0:07:43]} Rad8 {[%emt 0:05:12]} 20. Rd1 {[%emt 0:09:59]} Nb8 {[%emt 0:04:00]} 21. Bxd7 {[%emt 0:02:46]} Rxd7 {[%emt 0:01:58]} 22. Bd2 {[%emt 0:06:51]} Nc6 {[%emt 0:01:56]} 23. Nh4 {[%emt 0:05:22]} Red8 {[%emt 0:04:18]} 24. Nf5 {[%emt 0:00:54]} Kh7 {[%emt 0:02:50]} 25. Be1 {[%emt 0:08:17]} Rxd1 {[%emt 0:02:10]} 26. Rxd1 {[%emt 0:00:04]} Rxd1 {[%emt 0:00:24]} 27. Qxd1 {[%emt 0:00:04]} g6 {[%emt 0:00:47]} 28. Nh4 {[%emt 0:06:25]} Qb7 {[%emt 0:04:08]} 29. Nf3 {[%emt 0:02:11]} Qb5 {[%emt 0:01:09]} 30. Ncxe5 {[%emt 0:01:22]} Nxe5 {[%emt 0:00:35]} 31. Nxe5 {[%emt 0:00:05]} Bxf2+ {[%emt 0:02:15]} 32. Bxf2 {[%emt 0:00:06]} Qxe5 {[%emt 0:00:03]} 33. Bd4 {[%emt 0:01:36]} 1/2-1/2

[Event "IV Zagreb Open 2019"]
[Site "Zagreb"]
[Date "2019.12.09"]
[Round "4.5"]
[White "Smith, Bryan"]
[Black "Livaic, Leon"]
[Result "1-0"]
[WhiteElo "2428"]
[BlackElo "2505"]
[Annotator "TA"]
[PlyCount "155"]
[EventDate "2019.12.07"]
[EventType "swiss"]
[EventCountry "CRO"]
[SourceTitle "playchess.com"]
[Source "ChessBase"]
[SourceQuality "1"]

{[%evp 14,155,27,10,29,10,21,6,30,6,0,0,2,6,0,0,0,-13,0,0,0,0,0,9,19,0,2,0,0,0,0,0,17,0,0,-27,-35,-33,-33,-29,-28,-38,-42,-39,-35,-37,0,0,17,16,23,25,27,45,39,38,43,16,70,61,34,39,35,32,67,62,123,112,98,113,180,170,156,157,482,461,446,236,241,243,226,227,266,266,260,260,258,258,258,258,258,0,251,0,251,215,227,134,109,0,240,237,245,225,220,201,244,179,272,272,347,338,407,407,399,397,397,397,835,765,841,827,784,703,4694,4160,2443,1481,29960,29963,29955,12335,29965,29968,29975,29977,29977,29978,29977,29979,29983,29982,29980,29979]} 1. e4 c5 2. Nf3 d6 3. d4 cxd4 4. Nxd4 Nf6 5. Nc3 a6 6. h3 e6 7. g4 h6 8. Bg2 Be7 {B81: Sicilian Scheveningen: Keres Attack} 9. f4 (9. Qd3 Nc6 10. Nxc6 bxc6 11. e5 Nd5 12. exd6 Bxd6 13. Ne4 Bc7 14. c4 Nf4 15. Qxd8+ Kxd8 16. Kf1 {½-½ (45) Nepomniachtchi,I (2775)-Wojtaszek,R (2737) Dortmund 2019}) 9... Nc6 10. Be3 Nd7 $1 {The position is equal.} 11. O-O (11. Bf2 {keeps more tension.} O-O 12. Nb3 Nb6 13. Qe2 Bf6 14. a4) 11... Nxd4 12. Qxd4 O-O 13. Qd2 Rb8 14. Ne2 b5 15. Ng3 Bb7 16. Rad1 Rc8 17. c3 Qc7 18. f5 Ne5 19. Bxh6 Bh4 {[#]} 20. Bxg7 $1 {[%mdl 512]} Kxg7 21. Nh5+ Kh7 $146 {White must now prevent ...Nc4.} ({Predecessor:} 21... Kg8) 22. g5 $1 {And now Qf4 would win.} f6 (22... Qd8 $5 23. Nf6+ $8 Kg7 $11) 23. g6+ Kg8 24. g7 Rf7 25. Qh6 {[%csl Gg7][%cal Rh6h8]} Rxg7 $1 26. Qxg7+ Qxg7 27. Nxg7 Kxg7 28. Rxd6 Kf7 29. Rfd1 Rc7 {[%mdl 1024] Black has compensation.} 30. Rd8 {aiming for Rh8.} Bg5 31. Rh8 Be3+ 32. Kf1 Ke7 33. Rh7+ Nf7 34. Bf3 {Bh5 is the strong threat.} Bc6 $1 35. Ke2 $36 {[%mdl 2048] White is more active.} (35. Bh5 $5 {[%cal Rh7f7]} Be8 36. h4 $14) 35... Bc5 (35... Bf4 $11) 36. Bh5 Be8 37. Bg6 exf5 38. Bxf5 b4 39. c4 Bd6 (39... Bb6 $14) 40. b3 $16 a5 41. Bg6 Bc5 (41... Ke6 $16 42. h4 a4) 42. h4 $18 {Threatens to win with h5.} Kf8 43. h5 {Hoping for h6.} Bb6 $2 (43... Kg8 $16 44. h6 Bf8) 44. h6 Nxh6 {[#] Strongly threatening ...Rxh7.} 45. Rxh6 (45. Rd8 $142 $1 {[%csl Gg6][%cal Rd8e8][%mdl 512]} Rxh7 46. Rxe8+ Kg7 47. Bxh7 Kxh7 48. Rc8) 45... Kg7 46. Bxe8 Kxh6 {[%mdl 4096] Endgame KRB-KRB} 47. Rd6 {[%mdl 64] Double Attack} Bc5 48. Rxf6+ Kg7 49. Rf5 Rc8 50. Bd7 Rc7 51. Be6 Rc6 52. Bd7 Rc7 53. Be6 Rc6 $1 54. Bd5 Rf6 55. Rg5+ (55. Kf3 $18) 55... Rg6 $16 56. Rf5 (56. Rh5 $16) 56... Rf6 $1 $18 57. Kf3 Bd6 58. Bb7 Bc7 59. Bc8 Kf7 60. Ke3 Ke7 (60... Rxf5 $142 61. Bxf5 Be5) 61. Rh5 Rg6 62. c5 Rg2 63. Rh7+ Kd8 64. Bh3 Rh2 65. c6 Bb6+ $2 (65... Be5 66. Kd3 Bc7) 66. Kd3 Bc7 67. Kc4 Bf4 68. Kb5 Rc2 69. Bf5 Be5 70. Kb6 a4 71. Rd7+ Ke8 72. c7 Bxc7+ 73. Rxc7 {White mates.} Rxa2 74. bxa4 {[%cal Bb3a4,Ba4a5][%mdl 32] KRB-KR} b3 75. a5 b2 76. e5 Ra3 77. Rc5 Rf3 78. Bg6+ {Accuracy: White = 75%, Black = 51%.} 1-0

[Event "IV Zagreb Open 2019"]
[Site "Zagreb"]
[Date "2019.12.09"]
[Round "4.6"]
[White "Rudolf, Michal"]
[Black "Kovacevic, Blazimir"]
[Result "1/2-1/2"]
[WhiteElo "2328"]
[BlackElo "2453"]
[Annotator "TA"]
[PlyCount "30"]
[EventDate "2019.12.07"]
[EventType "swiss"]
[EventCountry "CRO"]
[SourceTitle "playchess.com"]
[Source "ChessBase"]
[SourceQuality "1"]

{[%evp 12,30,25,1,9,8,23,18,50,20,30,-3,22,10,7,7,17,4,7,0,13]} 1. e4 e6 2. d4 d5 3. exd5 exd5 4. Nf3 Bd6 5. c4 Nf6 6. c5 Be7 7. Bd3 O-O {C01: French: Exchange Variation} 8. O-O b6 9. Be3 Ne4 $146 {[%cal Rb6c5]} ({Predecessor:} 9... a5 10. cxb6 cxb6 11. Nc3 Ba6 12. Ne5 h6 13. Rc1 Bxd3 14. Qxd3 a4 15. a3 Bd6 16. Qd1 Ne4 17. Nxd5 {1-0 (17) Xiong,J (2707)-Lysyj,I (2596) Khanty-Mansiysk 2019}) 10. Nbd2 Bf5 11. cxb6 cxb6 {The position is equal.} 12. Ne5 Nxd2 13. Qxd2 Bxd3 14. Qxd3 f6 15. Nf3 Nc6 1/2-1/2

[Event "IV Zagreb Open 2019"]
[Site "Zagreb"]
[Date "2019.12.09"]
[Round "4.7"]
[White "Sai Agni Jeevitesh, J."]
[Black "Janzelj, Tim"]
[Result "0-1"]
[WhiteElo "2301"]
[BlackElo "2446"]
[Annotator "TA"]
[PlyCount "52"]
[EventDate "2019.12.07"]
[EventType "swiss"]
[EventCountry "CRO"]
[SourceTitle "playchess.com"]
[Source "ChessBase"]
[SourceQuality "1"]

{[%evp 9,74,20,15,25,38,0,0,0,0,0,0,0,0,-46,-57,-52,-60,-58,-12,-21,-10,-14,-8,-39,-39,-62,-45,-58,-38,-65,-60,-74,-74,-89,-88,-107,-44,-37,-51,-44,-62,-115,-102,-183,-119,-126,-127,-327,-330,-370,-360,-404,-334,-329,-291,-708,-693,-1027,-944,-6207,-6203,-5402,-5402,-29986,-813,-29992,-29993]} 1. Nf3 f5 2. d3 Nf6 ({Predecessor:} 2... d6 3. e4 Nc6 4. Nc3 {0-1 (50) Yashmetov,M (2394)-Melnikov,D (2207) St Petersburg 2018}) 3. e4 d6 4. Nc3 $146 (4. exf5 Bxf5 5. d4 Qd7 6. a3 e5 7. Nc3 Nc6 8. Bg5 Be7 9. dxe5 Nxe5 10. Nxe5 Qe6 11. Qe2 dxe5 {½-½ (25) Grischuk,A (2766)-Mamedyarov,S (2765) Paris 2019}) 4... Nc6 5. exf5 Bxf5 6. d4 {A04: Unusual lines after 1 Nf3 and King's Indian Attack} Qd7 7. d5 Nb4 8. Nd4 {The position is equal.} Nbxd5 9. Nxd5 Nxd5 10. Qf3 {[%mdl 64] Double Attack} Be6 $1 11. Bc4 c6 12. Nxe6 Qxe6+ 13. Be3 Qf7 (13... Qe5 {seems wilder.} 14. Bxd5 Qxd5 15. Qg4 g6 16. Rd1 Qa5+) 14. Qe2 e6 15. Bxd5 cxd5 16. O-O-O a6 17. Bg5 h6 18. Bd2 Be7 19. Rhe1 Kd7 20. Bc3 Rhc8 21. Rd3 Rc4 22. Rf3 Rf4 ({Black should play} 22... Qg8 $17 23. Kb1 Rac8) 23. Rxf4 $15 Qxf4+ {[%mdl 64] Double Attack} 24. Kb1 e5 25. Qd3 (25. g3 $15 Qc4 26. Qh5) 25... d4 $17 26. Qh3+ (26. Ba5 $17) 26... Ke8 {Played: Kd7-c6} 0-1

[Event "IV Zagreb Open 2019"]
[Site "Zagreb"]
[Date "2019.12.09"]
[Round "4.8"]
[White "Bertok, Mario Jr."]
[Black "Lalic, Bogdan"]
[Result "1/2-1/2"]
[WhiteElo "2055"]
[BlackElo "2414"]
[Annotator "TA"]
[PlyCount "41"]
[EventDate "2019.12.07"]
[EventType "swiss"]
[EventCountry "CRO"]
[SourceTitle "playchess.com"]
[Source "ChessBase"]
[SourceQuality "1"]

{[%evp 16,41,13,0,-8,-5,31,1,8,0,9,-20,-16,-33,-19,-19,-20,-17,0,0,5,7,17,26,27,20,71,37]} 1. c4 c5 2. g3 Nc6 3. Bg2 g6 4. Nc3 Bg7 5. e3 d6 6. Nge2 e5 7. O-O Nge7 8. d3 O-O 9. Nd5 Nxd5 {A36: Symmetrical English vs ...g6: 4 Bg2 Bg7} (9... Be6) 10. cxd5 Ne7 {[%cal Bc6e7,Be7g8,Bg8f6][%mdl 32]} 11. Nc3 Rb8 {The position is equal.} 12. a4 f5 13. f4 exf4 $146 ({Predecessor:} 13... Kh8 14. Kh1 b6 15. Ra2 a6 16. Bd2 b5 17. axb5 axb5 {1-0 (36) Ramon Pita,V (2206)-Collazo Hidalgo Gato,N (2192) Havana 2002}) 14. gxf4 Kh8 15. Bd2 Ng8 16. Rb1 Nf6 17. b4 cxb4 18. Rxb4 b6 19. Nb5 Bb7 20. e4 fxe4 (20... a5 $11 21. Rc4 Rc8) 21. dxe4 1/2-1/2

[Event "IV Zagreb Open 2019"]
[Site "Zagreb"]
[Date "2019.12.09"]
[Round "4.9"]
[White "Nguyen, Piotr"]
[Black "Biti, Ozren"]
[Result "1-0"]
[WhiteElo "2413"]
[BlackElo "2370"]
[Annotator "RC"]
[PlyCount "107"]
[EventDate "2019.12.07"]
[EventType "swiss"]
[EventCountry "CRO"]
[SourceTitle "playchess.com"]
[Source "ChessBase"]
[SourceQuality "1"]
[TimeControl "40/5400+30:1800+30"]

1. d4 {[%emt 0:00:00]} d6 {[%emt 0:00:01]} 2. Nf3 {[%emt 0:00:00]} g6 {[%emt 0:00:34]} 3. g3 {[%emt 0:00:05]} Bg7 {[%emt 0:00:41]} 4. Bg2 {[%emt 0:00:06]} Nd7 {[%emt 0:03:55]} 5. O-O {[%emt 0:00:20]} e5 {[%emt 0:00:04]} 6. dxe5 {[%emt 0:00:24]} dxe5 {[%emt 0:00:18]} 7. Nc3 {[%emt 0:00:21]} Ngf6 {[%emt 0:02:05]} 8. Nd2 {[%emt 0:02:41]} O-O {[%emt 0:02:41]} 9. a4 {[%emt 0:00:34]} Re8 {[%emt 0:09:54]} 10. a5 {[%emt 0:00:31]} a6 {[%emt 0:01:54]} 11. Nc4 {[%emt 0:00:28]} Qe7 {[%emt 0:01:36]} 12. e4 {[%emt 0:03:16]} Nc5 {[%emt 0:06:30]} 13. Bg5 {[%emt 0:04:00]} c6 {[%emt 0:15:20]} 14. Qd6 {[%emt 0:09:40]} Qxd6 {[%emt 0:22:10]} 15. Nxd6 {[%emt 0:00:07]} Rd8 {[%emt 0:00:35]} 16. Rad1 {[%emt 0:18:49]} Ne6 {[%emt 0:01:59]} 17. Bxf6 {[%emt 0:01:24]} Bxf6 {[%emt 0:00:06]} 18. Na4 {[%emt 0:02:46]} Nd4 {[%emt 0:07:18]} 19. Nb6 {[%emt 0:05:43]} Bg4 {[%emt 0:05:16]} 20. f3 {[%emt 0:01:51]} Be6 {[%emt 0:00:46]} 21. Nxa8 {[%emt 0:18:23]} Rxa8 {[%emt 0:00:18]} 22. c3 {[%emt 0:03:48]} Nb3 {[%emt 0:01:20]} 23. f4 {[%emt 0:01:25]} Nxa5 {[%emt 0:04:26]} 24. f5 {[%emt 0:10:16]} Bb3 {[%emt 0:00:35]} 25. fxg6 {[%emt 0:03:03]} fxg6 {[%emt 0:04:06]} 26. Rxf6 {[%emt 0:07:14]} Bxd1 {[%emt 0:00:07]} 27. b4 {[%emt 0:00:02]} Nb3 {[%emt 0:00:09]} 28. Bh3 {[%emt 0:01:07]} Nd2 {[%emt 0:06:31]} 29. Be6+ {[%emt 0:01:40]} Kh8 {[%emt 0:00:55]} 30. Kf2 {[%emt 0:04:03]} Rd8 {[%emt 0:01:51]} 31. Nxb7 {[%emt 0:00:35]} Nxe4+ {[%emt 0:00:35]} 32. Ke3 {[%emt 0:00:11]} Nxf6 {[%emt 0:00:50]} 33. Nxd8 {[%emt 0:00:04]} Bg4 {[%emt 0:00:31]} 34. Bxg4 {[%emt 0:00:40]} Nxg4+ {[%emt 0:00:01]} 35. Ke4 {[%emt 0:00:04]} Nxh2 {[%emt 0:00:36]} 36. Nxc6 {[%emt 0:00:06]} Nf1 {[%emt 0:00:09]} 37. c4 {[%emt 0:02:03]} Kg7 {[%emt 0:00:19]} 38. b5 {[%emt 0:00:34]} Nd2+ {[%emt 0:00:19]} 39. Kd5 {[%emt 0:00:30]} Nxc4 {[%emt 0:01:02]} 40. bxa6 {[%emt 0:00:00]} Nb6+ {[%emt 0:00:00]} 41. Kxe5 {[%emt 0:07:30]} h5 {[%emt 0:12:22]} 42. Kd6 {[%emt 0:02:30]} g5 {[%emt 0:00:26]} 43. Nd4 {[%emt 0:02:48]} h4 {[%emt 0:01:15]} 44. gxh4 {[%emt 0:03:19]} gxh4 {[%emt 0:00:58]} 45. Nf5+ {[%emt 0:01:04]} Kf6 {[%emt 0:01:12]} 46. Nxh4 {[%emt 0:00:15]} Nc8+ {[%emt 0:00:18]} 47. Kc7 {[%emt 0:00:47]} Na7 {[%emt 0:00:08]} 48. Kb6 {[%emt 0:00:57]} Nc8+ {[%emt 0:00:15]} 49. Kb7 {[%emt 0:00:07]} Nd6+ {[%emt 0:00:16]} 50. Kc6 {[%emt 0:00:09]} Nc8 {[%emt 0:00:15]} 51. Nf3 {[%emt 0:00:16]} Ke7 {[%emt 0:01:00]} 52. Kc7 {[%emt 0:00:32]} Nd6 {[%emt 0:00:50]} 53. Nd4 {[%emt 0:00:14]} Ne8+ {[%emt 0:00:22]} 54. Kc6 {[%emt 0:00:55]} 1-0

[Event "IV Zagreb Open 2019"]
[Site "Zagreb"]
[Date "2019.12.09"]
[Round "4.10"]
[White "Drnovsek, Gal"]
[Black "Pavic, Filip"]
[Result "1/2-1/2"]
[WhiteElo "2388"]
[BlackElo "2238"]
[Annotator "RC"]
[PlyCount "51"]
[EventDate "2019.12.07"]
[EventType "swiss"]
[EventCountry "CRO"]
[SourceTitle "playchess.com"]
[Source "ChessBase"]
[SourceQuality "1"]
[TimeControl "40/5400+30:1800+30"]

1. d4 {[%emt 0:01:31]} Nf6 {[%emt 0:00:00]} 2. c4 {[%emt 0:00:15]} e6 {[%emt 0:00:00]} 3. Nc3 {[%emt 0:00:05]} Bb4 {[%emt 0:00:02]} 4. Qc2 {[%emt 0:00:41]} O-O {[%emt 0:00:25]} 5. Nf3 {[%emt 0:00:05]} d5 {[%emt 0:00:22]} 6. Bg5 {[%emt 0:00:21]} h6 {[%emt 0:02:44]} 7. Bh4 {[%emt 0:02:58]} c5 {[%emt 0:02:19]} 8. dxc5 {[%emt 0:00:16]} Nbd7 {[%emt 0:00:53]} 9. a3 {[%emt 0:05:11]} Qa5 {[%emt 0:00:40]} 10. Rc1 {[%emt 0:03:30]} Bxc3+ {[%emt 0:00:37]} 11. Qxc3 {[%emt 0:00:04]} Qxc3+ {[%emt 0:02:17]} 12. Rxc3 {[%emt 0:00:15]} Ne4 {[%emt 0:16:16]} 13. Rc2 {[%emt 0:04:29]} g5 {[%emt 0:05:02]} 14. Bg3 {[%emt 0:00:37]} Ndxc5 {[%emt 0:05:14]} 15. e3 {[%emt 0:18:55]} Bd7 {[%emt 0:03:56]} 16. b4 {[%emt 0:12:50]} Ba4 {[%emt 0:08:49]} 17. Rb2 {[%emt 0:00:40]} Nd7 {[%emt 0:01:57]} 18. Nd2 {[%emt 0:08:07]} Nxd2 {[%emt 0:14:40]} 19. Kxd2 {[%emt 0:01:16]} dxc4 {[%emt 0:01:43]} 20. Bxc4 {[%emt 0:00:06]} Rfd8 {[%emt 0:01:17]} 21. Bd3 {[%emt 0:06:47]} Rac8 {[%emt 0:11:40]} 22. Rc1 {[%emt 0:00:06]} Rxc1 {[%emt 0:01:31]} 23. Kxc1 {[%emt 0:00:31]} Ne5 {[%emt 0:00:16]} 24. Bxe5 {[%emt 0:00:42]} Rxd3 {[%emt 0:01:19]} 25. Rd2 {[%emt 0:00:05]} Rxd2 {[%emt 0:02:18]} 26. Kxd2 {[%emt 0:00:04]} 1/2-1/2

[Event "IV Zagreb Open 2019"]
[Site "Zagreb"]
[Date "2019.12.09"]
[Round "4.11"]
[White "Liu, Zhaoqi"]
[Black "Kukurin, Luka"]
[Result "1-0"]
[WhiteElo "2380"]
[BlackElo "2042"]
[Annotator "TA"]
[PlyCount "53"]
[EventDate "2019.12.07"]
[EventType "swiss"]
[EventCountry "CRO"]
[SourceTitle "playchess.com"]
[Source "ChessBase"]
[SourceQuality "1"]

{[%evp 13,53,-3,8,6,0,0,40,23,38,35,65,63,94,77,84,77,85,76,80,67,172,186,216,231,222,141,136,141,141,127,310,313,408,131,144,138,711,708,639,632,894,877]} 1. c4 e5 2. Nc3 Nf6 3. Nf3 Nc6 4. e4 Bc5 5. Nxe5 Nxe5 6. d4 Bb4 7. dxe5 Nxe4 $1 8. Qf3 {A28: English Opening: Four Knights Variation} Nxc3 9. bxc3 Be7 (9... Ba5 {is more complex.} 10. Be2 O-O 11. O-O d6 12. Rd1 Re8) 10. Qg3 {White is slightly better.} Kf8 (10... g6 11. Bh6 d6 12. Be2 Be6 13. Rd1 Qd7 14. exd6 cxd6 15. O-O O-O-O {½-½ (52) Carlsen,M (2861)-Nepomniachtchi,I (2773) Abidjan 2019}) 11. Be2 b6 $146 ({Predecessor:} 11... d6 12. Bf4 Bh4 13. Qe3 dxe5 14. Rd1 Qe7 15. Qxe5 Qxe5 16. Bxe5 {0-1 (48) Andersen,D (1933)-Rosenkilde,A (2238) Koge 2013}) 12. Bf4 Ba6 13. Rd1 Qe8 14. O-O Rd8 15. h4 h5 16. Rfe1 Bc5 (16... Kg8 $14) 17. Bg5 $18 Be7 {[#]} 18. e6 $1 {[%cal Re6f7]} f6 19. exd7 $40 {[%mdl 128] White attacks with force.} Rxd7 20. Bf4 Rxd1 21. Rxd1 Qc6 $2 (21... Rg8 $16 {is a better defense.} 22. Qd3 (22. Bxc7 g6 $16) 22... Rh8) 22. Bxc7 Bxc4 23. Bf3 $2 (23. Bxc4 $18 {and the rest is easy.} Qxc4 24. Bd8) 23... Qe6 $16 24. Bd8 {[#] Threatens to win with Bxe7+.} Rg8 $2 {[%mdl 8192]} (24... Kg8 $16) 25. Qc7 $18 {Bxe7+ is the strong threat.White is clearly winning.} Kf7 26. Bxe7 Rc8 27. Qb7 {Accuracy: White = 78%, Black = 22%.} 1-0